The Complete Stax/Volt singles, 1959-1968. Volume 3.

Bibliographic Details
Format: CD Audio
Language:English
Published: New York : Atlantic Group, [1991]
Subjects:

MARC

Tag First Indicator Second Indicator Subfields
LEADER 00000cjm a2200000 a 4500
001 in00001404957
005 20151020064059.0
007 sd fungnn|||ee
008 910808r19911963nyuppn eng d
028 0 0 |a 82218-2  |b Atlantic Group 
028 0 0 |a 7 82218-2  |b Atlantic Group 
035 |a (OCoLC)24203383 
035 |9 AHP4465AM 
040 |a TLM  |c TLM  |d VRU  |d TXA  |d UtOrBLW 
049 |a TXAV 
090 |a M1630.18  |b .C66 1991 v.3 
092 |a POP/ROCK  |b Coll 
245 0 4 |a The Complete Stax/Volt singles, 1959-1968.  |n Volume 3. 
264 1 |a New York :  |b Atlantic Group,  |c [1991] 
264 4 |c ℗1991 
300 |a 1 sound disc :  |b digital ;  |c 4 3/4 in. 
336 |a performed music  |b prm  |2 rdacontent 
337 |a audio  |b s  |2 rdamedia 
338 |a audio disc  |b sd  |2 rdacarrier 
500 |a Compact disc. 
500 |a Atlantic Group: 82218-2 (container: 7 82218-2). 
500 |a Soul music; originally released on Stax and Volt labels, 1963-64. 
511 0 |a Various performers. 
500 |a Booklet containing historical notes by Rob Bowman and Steve Greenberg, and details of the recordings (64 pages : ill, ports. ; 28 x 28 cm.) in box. 
505 0 |a Pain in my heart (Otis Redding) -- Gee whiz it's Christmas (Carla Thomas) -- Mo' onions (Booker T. & the MGs) -- Frog stomp (Floyd Newman) -- Can you monkey do the dog? (Rufus Thomas) -- You won't do right (Bobby Marchan)-- Wondering (when my love is coming home) (The Drapels) -- Each step I take (Deanie Parker) -- The honey dripper (The Van Dels) -- Who will it be tomorrow (William Bell) -- Come to me ; Don't leave me this way (Otis Redding) -- I don't want you any more (Eddie Jefferson) -- Restless (The Cobras) -- Somebody's stole my dog (Rufus Thomas) -- Big party (Barbara & the Browns) -- That's really some good ; Night time is the right time (Rufus & Carla) -- Security (Otis Redding) -- Dream girl (Oscar Mack) 
505 0 |a (cont.) Closer to my baby (Dorothy Williams) -- I've got no time to lose (Carla Thomas) -- Young man (The Drapels) -- Soul dressing (Booker T & the MGs) -- After laughter (comes tears) (Wendy Rene) -- Can't explain how it happened (Ivory Joe Hunter) -- Bush bash (Mar-Keys) -- Please return to me (The Fleets) 
500 |a Sound recording. 
650 0 |a Popular music  |y 1961-1970. 
650 0 |a Soul music  |y 1961-1970. 
948 |a c:jlg 
999 |a MARS 
999 f f |s 514ffdd0-a2f7-3ea1-a9d4-9c79e75939ef  |i 9df818bd-25f9-3db0-a079-e3dac8c155e1  |t 0 
952 f f |p ric  |a Texas A&M University  |b Rellis Campus  |c Joint Library Facility  |d Remote Storage  |t 0  |e M1630.18 .C66 1991 v.3  |h Library of Congress classification  |i audio -- audio disc  |m A14830425009 
952 f f |p ric  |a Texas A&M University  |b Rellis Campus  |c Joint Library Facility  |d Remote Storage  |t 0  |e M1630.18.C66 1991 v.3  |h Library of Congress classification  |i audio -- audio disc  |m A14822463459 
998 f f |a M1630.18.C66 1991 v.3  |t 0  |l Remote Storage 
998 f f |a M1630.18 .C66 1991 v.3  |t 0  |l Remote Storage